Načítá se...

Rudyard Kipling /

Podrobná bibliografie
Hlavní autor: Stewart, Jim
Médium: Printed Book
Jazyk:English
Vydáno: Victor Gollanez, 1966.
Témata:
LEADER 00435nam a2200133Ia 4500
008 150624b xxu||||| |||| 00| p eng d
082 |a 821.8K109 
100 |a Stewart, Jim 
245 |a Rudyard Kipling /  |c Jim Stewart 
260 |b Victor Gollanez,  |c 1966. 
650 |v Poetry 
942 |c BK 
999 |c 2602  |d 2602 
952 |0 0  |1 0  |4 0  |6 821_000000000000000_8K109_STE_R  |7 0  |9 2601  |a UL  |b UL  |c ST2  |d 1998-09-24  |l 0  |o 821.8K109 STE/R  |p 5120  |r 2012-10-27  |w 2012-10-27  |y BK